| 000 | 00448nam a22001577a 4500 | ||
|---|---|---|---|
| 003 | SGT | ||
| 020 | _a9788121904711 | ||
| 082 | _a515.3, NAR | ||
| 100 | _aNARAYAN SHANTI | ||
| 245 |
_aDIFFERENTIAL CALCULUS _bFOR B. A. AND B. SC. STUDENTS |
||
| 260 |
_aNEW DELHI _bS CHAND _c2016 |
||
| 300 | _a571 | ||
| 650 | _aMATHEMATICS | ||
| 653 | _aFUNCTIONS AND GRAPHS -ELEMENTARY FUNCTIONS, CONTINUITY AND LIMIT, DIFFERENTIATION | ||
| 942 |
_2ddc _cFPS _011 |
||
| 999 |
_c9222 _d9222 |
||